Responses for Show #661 - Monday, June 22, 1987

Bob Verini game 3.

Contestants

[<< previous game]

Emalie Brooks, a former teacher from Memphis, Tennessee

Al Lewis, a marketing consultant from Westing, Massachusetts

Bob Verini, a playwright and actor from New York City, New York (whose 2-day cash winnings total $16,202)

[next game >>]

Jeopardy! Round responses

AMERICANA
FOOD
4-LETTER WORDS
SHERLOCK HOLMES
CLASSICAL MUSIC
LESOTHO
(Alex: And the return of a category that was unused a little while ago, [*], back by popular demand.)
    $100 1
Hershey, Pennsylvania

Emalie
    $100 15
the rack

Emalie
    $100 8
(Bob: What is "A Study in Scarlet"?)
(Emalie: What is "Sign of the Four"?)

the 100th anniversary

BobEmalie
Triple Stumper
    $100 21
(Alex: We've got a minute to go.)

Johann Strauss Sr.

Bob
    $100 6
Africa

Emalie
    $200 2
Horatio Alger

Bob
    $200 16
pack

Bob
    $200 9
221-B Baker Street

Bob
    $200 22
Wolfgang Amadeus Mozart

Bob
    $200 7
its flag

Bob
    $300 3
New England

Bob
    $300 17
a tack

Al
    $800 10
(Bob: What is sleuthing?)
(Alex: It's a [*], if you wear it this way. If you wear it this way [turns had sideways] it' just nonsense.)

deerstalker

Bob
    $300 23
(Felix) Mendelssohn

Al
    $300 13
cattle

Al
    $400 4
"The Spirit of '76"

Al
    $400 27
[The end-of-round signal sounds.]

gelatin

Emalie
    $400 18
back

Bob
    $400 11
pipes

Bob
    $400 24
the Hallelujah Chorus

Bob
    $400 14
the national anthem

Emalie
    $500 5
Stone Mountain

Al
    $500 26
caviar

Emalie
    $500 19
Mack

Al
    $500 12
(Al: What is [*]? It's not quite sure, but it's probably Professor Moriarity.)
Alex [laughing]: Okay, that's enough information. The fight on the ledge.)

where either Professor Moriarity or Sherlock Holmes went into the falls

Al
    $500 25
the Pastoral Symphony

Al
    $500 20
(Emalie: What is South Africa?)

Great Britain

AlEmalie

Scores at the first commercial break (after clue 10):

Bob Al Emalie
$0 $900 $100

Scores at the end of the Jeopardy! Round:

Bob Al Emalie
$1,700 $3,800 $1,000

Double Jeopardy! Round responses

PRESIDENTS
EVIL KNIGHTS
EUROPE ON FILM
MATHEMATICS
TOUGH TV TRIVIA
SUDDEN DEATH
    $200 8
Grover Cleveland

Al
    $200 25
Darth Vader

Bob
    $200 1
Helsinki

Emalie
    $200 27
3

Al
    $200 7
Don Rickles

Emalie
    $200 20
(Bob: What is chili?)
(Alex: Read the clue carefully and it gives you the response. "Red hot news", what is [*]?)

hot dogs

Bob
Triple Stumper
    $400 19
Carter & Mondale & Ferraro

Al
    $400 26
(Al: What was "Grease"?)

Camelot

BobAl
    $400 2
London

Al
    $400 15
100

Al
    $400 11
(Emalie: What is Stony?)

Rocky

Emalie
Triple Stumper
    $400 21
the matador

Emalie
    $600 16
Martin Van Buren

Bob
    $600 28
Ivanhoe

Bob
    $600 4
[ERRATUM: The correct title of the movie is The Moon-Spinners.]

Hayley Mills

Bob
    $600 3
(Alex: It's a square pushed out of shape.)

4

Emalie
    $600 12
[Alex misreads "Craig" as "Greg" but corrects himself after Bob gives the correct answer.]

Garrison's Gorillas

Bob
    $600 22
(Alex: If you think of ichthyology, [*].)

fish

Triple Stumper
    $800 17
Washington

Al
    $800 29
(Alex: The last clue...)
[The end-of-round signal sounds.]
(Alex: ...is one that I won't get to read.)

Charlemagne

Emalie
    $800 5
Three Coins in the Fountain

Bob
    $800 9
trigonometry

Al
    $800 13
Jim Backus

Bob
    $800 23
(Alex: That's right, we've got less than a minute to go.)

William Saroyan

Bob
    $3,000 18
(Al: What is statues were erected of the grandfathers of Benjamin Harison?)

Harry Truman's middle initial being made S

Al
    $3,100 6
An American in Paris & Gigi

Bob
    $1000 10
bisector

Bob
    $1000 14
(Al [after being judged correct]: I don't know her husband's name, but you didn't ask that.)

Maude Findlay & her husband

Al
    $1000 24
(Sir Walter) Raleigh

Al

Scores at the end of the Double Jeopardy! Round:

Bob Al Emalie
$11,000 $5,600 $2,800

[wagering suggestions for these scores]

Final Jeopardy! Round responses

RELIGION
(Al: I was playing the odds.)
(Alex: Figuring there had to be a Smith. Sorry, the odds did not work in your favor this time.)
...
(Bob: Another fine, anonymous person.)
...
(Alex: The title of the head of the Presbyterian church is "Moderator", and the man whose identity we were going for was the [*], until June of 1987, Moderator of the 198th General Assembly.)
EmalieWho is Jacobsen?
$100
AlWhat is Smith
$5,600
BobWho is William Marshall
$201
Rev. Benjamin Weir

Final scores:

Bob Al Emalie
$10,799 $0 $2,700
3-day champion: $27,001 3rd place: Olympus Infinity camera 2nd place: Marcy Fitness home exercise module + Pannill sweatshirts

Game dynamics:

Coryat scores:

Bob Al Emalie
$9,700 $8,600 $2,800
21 R
(including 1 DD),
3 W
(including 1 DD)
18 R,
2 W
(including 1 DD)
11 R,
3 W

Combined Coryat: $21,100

[game clues] [game scores] [suggest correction]

Game tape date: Unknown
The J! Archive is created by fans, for fans. Scraping, republication, monetization, and malicious use prohibited; this site may use cookies and collect identifying information. See terms. The Jeopardy! game show and all elements thereof, including but not limited to copyright and trademark thereto, are the property of Jeopardy Productions, Inc. and are protected under law. This website is not affiliated with, sponsored by, or operated by Jeopardy Productions, Inc. Join the discussion at JBoard.tv.